| 000 | 00477nam a2200169 i 4500 | ||
|---|---|---|---|
| 001 | 41568 | ||
| 003 | ES-MaACL | ||
| 005 | 20230906160444.0 | ||
| 007 | t| | ||
| 008 | 030311s1971 sp ||||1| spa d | ||
| 100 | 1 |
_aCarballo, Eugenio. _935002 |
|
| 245 | 1 | 0 |
_aPoemas de cielo y mar _b: poesias / _cEugenio Carballo. |
| 260 |
_aBarcelona : _bPeƱiscola, _c1971. |
||
| 300 |
_a142 p. ; _c23 cm. |
||
| 852 |
_aES-MaACL _jC-42230 _bR.80871 |
||
| 852 |
_aES-MaACL _jC-42985 _bR.79518 |
||
| 999 |
_c41568 _d41568 |
||